| 000 | 00807nam a22002057a 4500 | ||
|---|---|---|---|
| 999 |
_c10448 _d10448 |
||
| 003 | AR-CdUCM | ||
| 008 | 190401b ||||| |||| 00| 0 spa d | ||
| 040 |
_aMUNICIPALIDAD PROVINCIAL DEL CUSCO _cBIBLIOTECA MUNICIPAL DEL CUSCO |
||
| 082 |
_a346,985 / _bO74 / 1906 |
||
| 100 |
_aOrtiz de Zevallos y Vidaurri, Ricardo _927310 |
||
| 245 |
_aTratado de derecho civil peruano : _bTeórico y practico / |
||
| 260 |
_aLima : _b Rosay, _c1906 |
||
| 300 |
_a365 paginas ; _c20 cm. |
||
| 505 | _aContenido : Capitulo preliminar reglas de interpretación de los códigos -- Definición y fuentes de las obligaciones -- Como se forman los contratos -- De los efectos de los contratos ... | ||
| 650 |
_aDerecho _9739 |
||
| 650 |
_aCivil _918612 |
||
| 650 |
_aPeruano _927311 |
||
| 942 |
_2ddc _cLIBROS |
||
| 945 | _arah | ||